Modern office practice. / (Record no. 2406)

MARC details
000 -LEADER
fixed length control field 00811nam a22001697a 4500
008 - FIXED-LENGTH DATA ELEMENTS--GENERAL INFORMATION
fixed length control field 121008t xxu||||| |||| 00| 0 eng d
020 ## - INTERNATIONAL STANDARD BOOK NUMBER
International Standard Book Number 9964783221
050 ## - LIBRARY OF CONGRESS CALL NUMBER
Classification number HF5547.5.F36
100 ## - MAIN ENTRY--PERSONAL NAME
Personal name Fenning, Albert M.F.
245 ## - TITLE STATEMENT
Title Modern office practice. /
Statement of responsibility, etc. Albert M.F. Fenning
260 ## - PUBLICATION, DISTRIBUTION, ETC.
Place of publication, distribution, etc. Accra:
Name of publisher, distributor, etc. Asempa Publishers,
Date of publication, distribution, etc. 2004.
300 ## - PHYSICAL DESCRIPTION
Extent xi,124 p.:
Dimensions 20cm.
500 ## - GENERAL NOTE
General note Includes bibliographical references.
505 ## - FORMATTED CONTENTS NOTE
Formatted contents note Contents: The Civil service -- The Purpose of the office -- Office communication -- Reception -- Correspondence, memoranda and reports -- The Method of handling mail -- Business documents -- Filing and indexing -- Stock control -- Monetary transactions -- Banking -- Sources of information -- Personal development and human relations.
650 ## - SUBJECT ADDED ENTRY--TOPICAL TERM
Topical term or geographic name entry element Office Management
942 ## - ADDED ENTRY ELEMENTS (KOHA)
Source of classification or shelving scheme Library of Congress Classification
Koha item type Books
Holdings
Withdrawn status Lost status Source of classification or shelving scheme Damaged status Not for loan Home library Current library Shelving location Date acquired Total Checkouts Full call number Barcode Date last seen Copy number Price effective from Koha item type
    Library of Congress Classification     WISCONSIN INTERNATIONAL UNIVERSITY COLLEGE, GHANA - MAIN LIBRARY WISCONSIN INTERNATIONAL UNIVERSITY COLLEGE, GHANA - MAIN LIBRARY Reference 08/10/2012   HF5547.5.F36 6423/12 08/10/2012 1 08/10/2012 Books
    Library of Congress Classification     WISCONSIN INTERNATIONAL UNIVERSITY COLLEGE, GHANA - MAIN LIBRARY WISCONSIN INTERNATIONAL UNIVERSITY COLLEGE, GHANA - MAIN LIBRARY Reference 08/10/2012   HF5547.5.F361 6424/12 08/10/2012 2 08/10/2012 Books

If you have any concerns or questions; kindly contact the library


© Powered by WIUC ICT DIRECTORATE